000 01617cam a2200457 a 4500
001 5710
003 FISKH
005 20250115144124.0
008 020822s1998 nyua b 000 0 eng
010 _a 2002013659
020 _a0679856471 (pbk.)
020 _a9780679856474
020 _a0679956476 (lib. bdg.)
040 _aDLC
_cDLC
_dDLC
_beng
050 _aGN778.I8
082 _a937
100 1 _aDubowski, Mark.
245 1 0 _aIce mummy :
_bthe discovery of a 5,000-year-old man /
_cby Mark Dubowski and Cathy East Dubowski.
250 _aThis edition published in 2009
260 _aNew York :
_bRandom House,
_c1998.
300 _a48 pages :
_bcolor illustrations ;
_c23 cm
490 1 _aStep into reading. A step 4 book
500 _a"With photographs."
505 _aP
520 _aDescribes the discovery by Alpine hikers near the Austrian-Italian border of the frozen body of a man who, after careful examination, was found to be more than 5,000 years old.
521 8 _a640
_bLexile
521 8 _aP
_bRaz-Plus
650 0 _aOtzi (Ice mummy)
650 0 _aCopper age
_zItaly
_zHauslabjoch Pass
_vJuvenile literature.
650 0 _aIce mummies
_zItaly
_zHauslabjoch Pass
_vJuvenile literature.
650 1 _aOtzi (Ice mummy)
650 1 _aIce mummies.
650 1 _aMummies.
650 1 _aCopper age.
650 1 _aExcavations (Archaeology)
651 0 _aHauslabjoch Pass (Italy)
_xAntiquities
_vJuvenile literature.
700 1 _aDubowski, Cathy East
_ePhotographer
906 _a7
_bcbc
_corignew
_d1
_eecip
_f20
_gy-gencatlg
942 _2ddc
_cBK
_n0
999 _c5710
_d5710